| 000 | 00716cam a2200265 4500 | ||
|---|---|---|---|
| 008 | #DATE n2001 000 0 eng u | ||
| 020 | _a1860814891 | ||
| 035 | _a(Sirsi) u116084 | ||
| 041 | _aeng | ||
| 050 | _a690 | ||
| 100 | _aSuttie, E. D. | ||
| 110 | _aBuilding Research Establishment | ||
| 245 | _aPreservative treated timber: the UK's code of best practice | ||
| 260 |
_aLondon _bCRC Ltd _c2001 |
||
| 300 | _a6p. : ill. ; 30cm. | ||
| 490 |
_aBRE Information Paper _vIP 13/01 |
||
| 650 | _aBRITISH STANDARDS | ||
| 650 | _aEUROPEAN STANDARDS | ||
| 650 | _aTIMBER | ||
| 650 | _aTIMBER TREATMENT | ||
| 650 | _aWOOD | ||
| 650 | _aWOOD PRESERVATION | ||
| 690 | _aBUILT ENVIRONMENT | ||
| 942 | _n0 | ||
| 999 |
_c101825 _d101825 |
||